| 000 | 00896nam0a22002411 4500 | ||
|---|---|---|---|
| 001 | rc\30151 | ||
| 005 | 20260407125622.0 | ||
| 035 | _a(NLR Aleph) 005315758 | ||
| 090 |
_a6434211 _c6434211 |
||
| 100 | _a20021216d1993 |||y0rusy50 ca | ||
| 101 | 0 | _arus | |
| 102 | _aRU | ||
| 105 | _ay ||||||||| | ||
| 200 | 1 |
_aИНСТРУКЦИЯ по составлению натурного листа поезда формы ДУ-1 _eУтв. [М-вом путей сообщ. Рос. Федерации] 19.03.92 |
|
| 210 |
_aМ. _cТранспорт _d1993 |
||
| 215 |
_a40 с. _d20 |
||
| 300 | _aВ надзаг.: ...Упр. статистики | ||
| 712 | 0 | 1 |
_aРоссийская Федерация _bМинистерство путей сообщения _3RU\NLR\AUTH\889969831 _9435944 |
| 801 | 0 |
_aRU _bNLR _gpsbo |
|
| 801 | 1 |
_aRU _bELAR _2rusmarc |
|
| 852 |
_aNLR _j92-4/10229 |
||
| 942 | _cBOOK | ||
| 980 | _aNB | ||